LEADER 01012nam a2200241 i 4500 001 000000070148 003 CaOOAMICUS 005 20080808000000.0 008 080808s1910 it u000 u ita u 013 $a41320 040 $aSeMil$bita 100 1 $aJames, William <1842-1910>.$0(OLS)http://semarc/name/31252 245 10$aSaggi pragmatisti /$cWilliam James ; con prefazione e bibliografia a cura di Giovanni Papini. 260 $aLanciano :$bR. Carabba,$c1910. 300 $a125 p. ;$c19 cm. 490 0 $aCultura dell'anima ;$v14 650 4$aJames, William - Pragmatismo.$0(OLS)http://semarc/subject/13985 700 1 $aPapini, Giovanni,$d<1881-1956>.$0(OLS)http://semarc/name/1547 830 0$aCultura dell'anima ;$v14.$0(OLS)http://semarc/title/21898 850 $aSeMil 852 $aSeMil$W1$xVenegono$y1$m2P II 61$j36301$B36301$CSeMilBibl$Z2$F36304 $81 996 $6245$aSaggi pragmatisti$9(OLS)http://semarc/title/112527 996 $6260$aLanciano :$bR. Carabba$9(OLS)http://semarc/publisher/33110 LEADER 01182nam a2200277 i 4500 001 000000121253 003 CaOOAMICUS 005 20031211000000.0 008 031211s1988 it u000 u ita u 013 $a93947 020 $a88-404-1201-8 040 $aSeMil$bita 245 10$aSan Paolo fuori le mura a Roma /$ca cura di Carlo Pietrangeli ; presentazione di Antonio Mauro. 260 $aFirenze :$bNardini,$ccopyr. 1988. 300 $a336 p. :$briccamente ill. ;$c32 cm. 500 $aContiene : Bibliografia. - In cofanetto. - Fondo Card. C.M. Martini. 650 4$aRoma - Chiese - Basilica di San Paolo fuori le mura.$0(OLS)http://semarc/subject/22935 700 1 $aMauro, Antonio.$0(OLS)http://semarc/name/26108 700 1 $aPietrangeli, Carlo.$0(OLS)http://semarc/name/5723 850 $aSeMil 852 $aSeMil$W1$xVenegono$y1$m5G XI 38$j76347$B76347$CSeMilBibl$Z2$F79028 $8I 941 1 $a4 961 $aOmaggio: Martini Card. Carlo Maria 996 $6020$a88-404-1201-8$9(OLS)http://semarc/number/106611 996 $6245$aSan Paolo fuori le mura a Roma$9(OLS)http://semarc/title/178478 996 $6260$aFirenze :$bNardini$9(OLS)http://semarc/publisher/31399